UM Logo
Normal view MARC view
  • Culture.

Entry Topical Term

Number of records used in: 1

001 - CONTROL NUMBER

  • control field: 46914

003 - CONTROL NUMBER IDENTIFIER

  • control field: OSt

005 - DATE AND TIME OF LATEST TRANSACTION

  • control field: 20221129134027.0

008 - FIXED-LENGTH DATA ELEMENTS

  • fixed length control field: 221129|| aca||aabn | a|a d

040 ## - CATALOGING SOURCE

  • Original cataloging agency: OSt
  • Transcribing agency: OSt

150 ## - HEADING--TOPICAL TERM

  • Topical term or geographic name entry element: Culture.

670 ## - SOURCE DATA FOUND

  • Source citation: Work cat.: (OSt): Alipala, Julie S. 46913, Apuh Ambalang Ausalin, Yakan master weaver; 78 /, February 19, 2022.